This happened in Pasadena.

Bibliographic Details
Main Author: Hulburd, David, 1904-
Format: Book
Language:English
Published: New York : Macmillan, 1951.
Subjects:

MARC

Tag First Indicator Second Indicator Subfields
LEADER 00000cam a2200000 4500
001 in00000073398
005 20151008052535.0
008 731204s1951 nyu 00000 eng u
010 |a  51010609  
035 |a (OCoLC)00753808 
035 |9 AAH3795AM 
040 |c CSU  |d TXA  |d UtOrBLW 
049 |a TXAM  |c [194138] 
050 0 |a LA245.P34  |b H8 
082 1 |a 379.794 
092 |a 379.794  |b H912t 
100 1 |a Hulburd, David,  |d 1904- 
245 1 0 |a This happened in Pasadena. 
264 1 |a New York :  |b Macmillan,  |c 1951. 
300 |a x, 166p. ;  |c 21cm. 
336 |a text  |b txt  |2 rdacontent 
337 |a unmediated  |b n  |2 rdamedia 
338 |a volume  |b nc  |2 rdacarrier 
600 1 0 |a Goslin, Willard E.  |q (Willard Edward),  |d 1899- 
610 1 0 |a Pasadena, Calif.  |b Board of Education. 
650 0 |a Public schools  |z California  |z Pasadena. 
999 |a MARS 
999 f f |s 3cf6b7d0-9b4d-3440-bfbf-0dc3e05b6708  |i 3fe9f90e-eb7c-36af-8b01-363e5f96684b  |t 0 
952 f f |p normal  |a Texas A&M University  |b College Station  |c Sterling C. Evans Library  |d Evans: Library Stacks  |t 0  |e LA245.P34 H8  |h Library of Congress classification  |i unmediated -- volume  |m A14800870949 
998 f f |a LA245.P34 H8  |t 0  |l Evans: Library Stacks